Iglesias de México (Record no. 5333)

MARC details
000 -CABECERA
campo de control de longitud fija 00948nam a2200265 a 4500
001 - NÚMERO DE CONTROL
campo de control BRCA_5639
005 - FECHA Y HORA DE LA ÚLTIMA TRANSACCIÓN
campo de control 20190320205150.0
008 - DATOS DE LONGITUD FIJA--INFORMACIÓN GENERAL
campo de control de longitud fija 220211t1925----mx-ao#####---o000-0#spa-#
041 ## - CÓDIGO DE LENGUA
Código de lengua del texto/banda sonora o título independiente spa
044 ## - CÓDIGO DEL PAÍS DE LA ENTIDAD EDITORA/PRODUCTORA
Código MARC del país mx
050 #4 - SIGNATURA TOPOGRÁFICA DE LA BIBLIOTECA DEL CONGRESO
Número de clasificación NA5257.M4
Número de documento/Ítem .I35 6 1925
245 10 - MENCIÓN DE TÍTULO
Título Iglesias de México
Resto del título v.6. 1525-1925
Mención de responsabilidad, etc. Secretaría de Hacienda ; texto y dibujos del Dr. Atl ; fotografías de Kahlo.
260 ## - PUBLICACIÓN, DISTRIBUCIÓN, ETC.
Lugar de publicación, distribución, etc. México
Nombre del editor, distribuidor, etc. Cultura
Fecha de publicación, distribución, etc. 1925
300 ## - DESCRIPCIÓN FÍSICA
Extensión 192 p.
Otras características físicas il.
Dimensiones 42 cm.
500 ## - NOTA GENERAL
Nota general Incluye índice de monografías
500 ## - NOTA GENERAL
Nota general Estado físico: presenta dos fotografías sueltas (p. 28 y 99)
500 ## - NOTA GENERAL
Nota general Ver también F112 (v.1), F113 (v.2), F114 (v.3), F115 (v.4), F116 (v.5) y N.S. 177 (6 v.)
500 ## - NOTA GENERAL
Nota general F117
650 14 - PUNTO DE ACCESO ADICIONAL DE MATERIA--TÉRMINO DE MATERIA
Término de materia o nombre geográfico como elemento de entrada Iglesias
Subdivisión geográfica México
9 (RLIN) 4471
650 14 - PUNTO DE ACCESO ADICIONAL DE MATERIA--TÉRMINO DE MATERIA
Término de materia o nombre geográfico como elemento de entrada Arquitectura religiosa
Subdivisión geográfica México
9 (RLIN) 24
700 1# - PUNTO DE ACCESO ADICIONAL--NOMBRE DE PERSONA
Nombre de persona Murillo, Gerardo
Títulos y otros términos asociados al nombre (Dr. Atl)
Fechas asociadas al nombre 1875-1964
9 (RLIN) 652
700 1# - PUNTO DE ACCESO ADICIONAL--NOMBRE DE PERSONA
Nombre de persona Kahlo, Guillermo
Fechas asociadas al nombre 1871-
Término indicativo de función/relación Fotógrafo
9 (RLIN) 651
902 ## - CATALOGADOR
Iniciales GFM
942 ## - ELEMENTOS DE PUNTO DE ACCESO ADICIONAL (KOHA)
Fuente del sistema de clasificación o colocación Library of Congress Classification
Tipo de ítem Koha Libros
Holdings
Estado de retiro Estado de pérdida Estado dañado No para préstamo Localización permanente Ubicación/localización actual Fecha de adquisición Número de inventario Total de préstamos Signatura topográfica completa Código de barras Fecha visto por última vez Precio válido a partir de Tipo de ítem Koha
El ejemplar forma parte de la colección y puede ser consultado según las políticas vigentes.       Biblioteca del Museo Franz Mayer (Rogerio Casas-Alatriste) Biblioteca del Museo Franz Mayer (Rogerio Casas-Alatriste) 15/02/2011 F117   NA5257.M4 .I35 6 1925 (F117) 6075 22/03/2019 22/03/2019 Libros